000 00462nam a2200157Ia 4500
999 _c12918
_d12918
003 OSt
005 20201005130104.0
008 190216s9999||||xx |||||||||||||| ||und||
040 _coclc
082 _a821.912
_bTHO/P
100 _aThomas, C T
_95048
245 0 _aPoetic Tradition And Eliot`s Talent /
_cC T Thomas
260 _bOrient Longman,
_c1975.
_aNew delhi:
300 _a136p
942 _cBK
_2ddc
_h821.912
_iTHO/P
_k821.912
_mTHO/P